Solve the Secret Asian City - Statistics

General Stats
  • This quiz has been taken 550 times
  • The average score is 15 of 27
Answer Stats
Scramble Asian City % Correct
KOOTY Tokyo
100%
A DEHIL Delhi
98%
AAMMN Amman
90%
ELOSU Seoul
87%
U AADHKMNTU Kathmandu
73%
R AAGHHINS Shanghai
69%
A AEHNTR Tehran
68%
AAAKNR Ankara
65%
ABGKKNO Bangkok
63%
ABNSU Busan
63%
AACDMSSU Damascus
57%
B BCLMOOO Colombo
56%
A AEHLOR Lahore
54%
ADHIRY Riyadh
52%
AAAJKRT Jakarta
47%
CDEGHNU Chengdu
45%
ACIIKTTUWY {Kuwait} {City}
45%
Y CCHHHIIIMNOTY {Ho} {Chi} {Minh} {City}
44%
AAKLLMPRUUU {Kuala} {Lumpur}
44%
AELOPP Aleppo
42%
AEHKNSTT Tashkent
42%
AEIGNOPRS Singapore
37%
AABDDEHRY Hyderabad
35%
S AEEIINNTV Vientiane
35%
AAABDDEHM Ahmedabad
27%
AAABRSUY SURABAYA
19%
ACGGHINOTT Chittagong
17%
No matching quizzes found
Score Distribution
Percent of People with Each Score
Percentile by Number Answered
Your Score History
You have not taken this quiz